Loading...
| Fine Arts - Classical Music | 2 | 20.00 | 2,450% | 300% | 650% |
| History - American | 1 | 10.00 | 3,600% | 0% | 0% |
| History - European | 1 | 30.00 | 8,100% | 900% | 900% |
| History - Other | 1 | 20.00 | 3,600% | 0% | 600% |
| History - World | 1 | 20.00 | 8,100% | 0% | 900% |
| Literature - American | 2 | 20.00 | 1,800% | 450% | 750% |
| Literature - British | 2 | 20.00 | 1,800% | 650% | 350% |
| Literature - European | 3 | 13.33 | 1,633% | 200% | 400% |
| Literature - World | 1 | 20.00 | 0% | 600% | 600% |
| Mythology | 1 | 20.00 | 0% | 700% | 700% |
| Other | 3 | 23.33 | 3,900% | 500% | 733% |
| Philosophy | 2 | 30.00 | 4,250% | 650% | 650% |
| Religion | 1 | 10.00 | 0% | 600% | 0% |
| Science - Biology | 2 | 15.00 | 1,800% | 300% | 450% |
| Science - Chemistry | 2 | 25.00 | 6,500% | 800% | 350% |
| Science - Other | 1 | 10.00 | 0% | 600% | 0% |
| Science - Physics | 1 | 20.00 | 8,100% | 900% | 0% |
| Social Science | 3 | 16.67 | 5,533% | 0% | 533% |